000 00215nam a22000857a 4500
008 161112b xxu||||| |||| 00| 0 eng d
100 _91162
_aPurang.Y.P.
245 _aComposite Science-VII
260 _aNew Delhi
_bAPC
_c2016
999 _c3822
_d3822